[Event "22nd Donau Open 2013"]
[Site "Aschach AUT"]
[Date "2013.12.28"]
[Round "4.9"]
[White "Abdumalik,Z"]
[Black "Kantans,T"]
[Result "1-0"]
[WhiteElo "2342"]
[BlackElo "2412"]

1.e4 d5 2.exd5 Qxd5 3.Nc3 Qd6 4.d4 Nf6 5.Bd3 g6 6.Nge2 Bg7 7.Bf4 Qd8 8.O-O O-O
9.Bc4 c6 10.a4 b6 11.Re1 Na6 12.d5 cxd5 13.Nxd5 Bb7 14.Ne3 Qc8 15.Nc3 Nb4
16.h3 Qc5 17.Qe2 Nc6 18.Rad1 Nd4 19.Qf1 Nh5 20.Bh2 Qg5 21.Kh1 e6 22.Ba6 Bc6
23.Qc4 e5 24.Ne2 Rad8 25.c3 Nxe2 26.Qxc6 Rxd1 27.Rxd1 Nhg3+ 28.fxg3 Qxe3
29.Qf3  1-0

[Event "89th Hastings Masters 2013-14"]
[Site "Hastings ENG"]
[Date "2013.12.29"]
[Round "2.43"]
[White "Othman,Mustapha"]
[Black "Mitchell,Rob1"]
[Result "1-0"]
[WhiteElo "1914"]
[BlackElo "1674"]

1.e4 d5 2.exd5 Qxd5 3.Nc3 Qd6 4.d4 c6 5.Bc4 Nf6 6.Nge2 Bf5 7.Bf4 Qb4 8.Bd3 Bxd3
9.Qxd3 Nd5 10.Bd2 Qd6 11.Ne4 Qc7 12.c4 Nb6 13.Bf4 Qc8 14.N2g3 Qg4 15.Bd2 Qe6
16.Rc1 N8d7 17.O-O Qg6 18.f4 f5 19.Nxf5 Nc8 20.Nfg3 Nf6 21.f5 Qf7 22.Ng5 Qg8
23.Ne6 Kd7 24.d5 Nd6 25.dxc6+ Kxc6 26.c5 Nf7 27.Qf3+ Nd5 28.b4 a6 29.a4 Rd8
30.b5+ axb5 31.axb5+ Kxb5 32.Rb1+ Kc6 33.Rb6+ Kd7 34.Qxd5+ Nd6 35.Rxb7+  1-0

[Event "Bay Area International 2014"]
[Site "Santa Clara USA"]
[Date "2014.01.02"]
[Round "1.10"]
[White "Naroditsky,D"]
[Black "Studen,D"]
[Result "1-0"]
[WhiteElo "2535"]
[BlackElo "2285"]

1.e4 d5 2.exd5 Qxd5 3.Nc3 Qd6 4.d4 c6 5.Nf3 Nf6 6.Ne5 Nbd7 7.Nc4 Qc7 8.Qf3 Nb6
9.Ne5 Be6 10.Bf4 Qd8 11.Rd1 g6 12.a4 a5 13.Be2 Bg7 14.O-O O-O 15.Rfe1 Rc8
16.h3 Nfd5 17.Nxd5 Bxd5 18.Qa3 Qd6 19.Qa1 Qb4 20.b3 Rfd8 21.c3 Qd6 22.c4 Qf6
23.Qc1 Be4 24.Bg4 Bf5 25.Bg5 Qd6 26.c5 Qd5 27.cxb6 f6 28.Be2 e6 29.Bc4 Qd6
30.g4 fxg5 31.gxf5 gxf5 32.Qxg5  1-0

[Event "89th Hastings Masters 2013-14"]
[Site "Hastings ENG"]
[Date "2014.01.03"]
[Round "7.14"]
[White "Rowe,D"]
[Black "Foisor,O"]
[Result "0-1"]
[WhiteElo "2218"]
[BlackElo "2397"]

1.e4 d5 2.exd5 Qxd5 3.Nc3 Qd6 4.g3 Nf6 5.Bg2 Bg4 6.f3 Bd7 7.d4 Nc6 8.Nge2 O-O-O
9.Bf4 e5 10.dxe5 Nxe5 11.Qxd6 Bxd6 12.O-O-O h6 13.Rhe1 Rhe8 14.Nd4 a6 15.Be3 Bb4
16.f4 Nc4 17.Bf2 Ng4 18.Rxe8 Rxe8 19.Bg1 Bxc3 20.bxc3 Nge3 21.Bxe3 Nxe3 22.Rg1 Nxg2
23.Rxg2 Re1+ 24.Kb2 Bg4 25.Rd2 c5 26.Nb3 b6 27.Rf2 Kc7 28.Nd2 b5 29.Nf3 Bxf3
30.Rxf3 Re2 31.h3 h5 32.c4 Rh2 33.h4 bxc4 34.Re3 Rg2 35.Re7+ Kc6 36.Rxf7 Rxg3
37.Rf5 g6 38.Rf6+ Kb5 39.a4+ Ka5 40.Rc6 Rf3 41.Rxg6 Rxf4 42.Kc3 Kxa4 43.Rxa6+ Kb5
44.Ra8 Rf3+ 45.Kb2 Rf4 46.Rb8+ Kc6 47.Rc8+ Kd5 48.Rd8+ Ke4 49.Kc3 Kf3 50.Rd5 Kg4
51.Rxc5 Kxh4 52.Kd2 Re4 53.Ra5 Kg4 54.Ra1 h4 55.Rg1+ Kf3 56.Rg8 h3 57.Rf8+ Kg3
58.Rg8+ Rg4 59.Re8 h2 60.Re3+ Kg2 61.Re2+ Kh3 62.Re3+ Rg3 63.Re1 c3+  0-1

[Event "26th Staufer-Open A 2014"]
[Site "Schwaebisch Gmuend GER"]
[Date "2014.01.05"]
[Round "7.5"]
[White "Poetsch,H"]
[Black "Grimberg,B"]
[Result "1/2-1/2"]
[WhiteElo "2474"]
[BlackElo "2382"]

1.e4 d5 2.exd5 Qxd5 3.Nc3 Qd6 4.d4 Nf6 5.Nf3 g6 6.Bc4 Bg7 7.O-O O-O 8.h3 a6
9.a4 Nc6 10.b3 Rd8 11.Ba3 Qf4 12.Ne2 Qf5 13.Qd2 Ne4 14.Qe3 Nd6 15.Bd3 Qf6
16.Rad1 e5 17.dxe5 Nxe5 18.Nxe5 Qxe5 19.Qf3 Be6 20.Nf4 Qf6 21.Bxd6 cxd6 22.Be4 Rab8
23.c4 g5 24.Nd5 Qxf3 25.Bxf3 Bxd5 26.Rxd5 Bf6 27.Rfd1 Be7 28.Kh2 b6 29.Kg3 Kg7
30.Kg4 Rbc8 31.Rf5 Kg6 32.Be4 h5+ 33.Kf3 Kg7 34.Bb7 Rc5 35.Rxc5 dxc5 36.Rxd8 Bxd8
37.Ke4 a5 38.Kf5 h4  1/2-1/2